| 000 | 00922cab a2200253 4500 | ||
|---|---|---|---|
| 001 | ABS47625 | ||
| 008 | 090401t1992 xxu||||| |||| 00| 0 eng d | ||
| 035 | _a(Sirsi) u62695 | ||
| 041 | _aeng | ||
| 100 | _aStewart, A. | ||
| 245 | _aAutumn chill | ||
| 260 | _c1992 | ||
| 350 | _a0 | ||
| 490 |
_aBuilding _v287(7772) 27 November 1992, 20-21(2) |
||
| 520 | _aIn the light of the Chancellor`s Autumn Statement this article questions whether councils will match the target of raising an extra £1.75bn from sales of council houses and other assets. Also investigates the Government`s chances of success in encouraging private-public partnerships in construction projects. | ||
| 650 | _aAUTUMN STATEMENT 1992 | ||
| 650 | _aCOUNCIL HOUSE SALES | ||
| 650 | _aPRIVATE SECTOR FUNDING | ||
| 690 | _aBUILT ENVIRONMENT | ||
| 690 | _aECONOMIC AND SOCIAL | ||
| 700 | _aBarrick, A. | ||
| 942 | _n0 | ||
| 948 | _c04/03/1997 | ||
| 999 |
_c38928 _d38928 |
||